书目信息 |
| 题名: |
概率论与数理统计
|
|
| 作者: | 赵选民 主编 | |
| 分册: | ||
| 出版信息: | 西安 西北工业大学出版社 2006.07 |
|
| 页数: | 296页 | |
| 开本: | 20cm | |
| 丛书名: | 三导丛书 | |
| 单 册: | ||
| 中图分类: | O21-44 | |
| 科图分类: | ||
| 主题词: | 概率论--gai lu lun--高等学校--教学参考资料 , 数理统计--shu li tong ji--高等学校--教学参考资料 | |
| 电子资源: | ||
| ISBN: | 7-5612-1417-0 | |
| 000 | 01076nam 2200289 450 | |
| 001 | 012007067937 | |
| 005 | 20071015110719.20 | |
| 010 | @a7-5612-1417-0@dCNY22.00 | |
| 100 | @a20070302d2006 km y0chiy0120 ea | |
| 101 | 0 | @achi |
| 102 | @aCN@b610000 | |
| 105 | @aa a 000yy | |
| 200 | 1 | @a概率论与数理统计@Agai lu lun yu shu li tong ji@e(浙大·第三版)@e导教·导学·导考@f赵选民主编@Fzhao xuan min zhu bian |
| 205 | @a第3版 | |
| 210 | @a西安@c西北工业大学出版社@d2006.07 | |
| 215 | @a296页@c图@d20cm | |
| 225 | 2 | @a三导丛书@Asan dao cong shu |
| 320 | @a有书目 (第296页)。 | |
| 330 | @a本书包括随机事件和概率、随机变量及其概率分布、随机变量的联合概率分布、随机变量的数字特征等共八章,每章都由内容提要、习题、习题解答与分析三部分组成。 | |
| 410 | 0 | @12001 @a三导丛书 |
| 517 | 1 | @a导教·导学·导考@Adao jiao·dao xue·dao kao |
| 606 | 0 | @a概率论@Agai lu lun@x高等学校@j教学参考资料 |
| 606 | 0 | @a数理统计@Ashu li tong ji@x高等学校@j教学参考资料 |
| 690 | @aO21-44@v4 | |
| 701 | 0 | @a赵选民@Azhao xuan min@4主编 |
| 801 | 0 | @aCN@c20071015 |
| 905 | @dO21-44@eZ334 | |
| 概率论与数理统计:(浙大·第三版):导教·导学·导考/赵选民主编.-第3版.-西安:西北工业大学出版社,2006.07 |
| 296页:图;20cm.-(三导丛书) |
| ISBN 7-5612-1417-0:CNY22.00 |
| 本书包括随机事件和概率、随机变量及其概率分布、随机变量的联合概率分布、随机变量的数字特征等共八章,每章都由内容提要、习题、习题解答与分析三部分组成。 |
| ● |
| 相关链接 |
|
|
|
正题名:概率论与数理统计
索取号:O21-44/Z334
 
预约/预借
| 序号 | 登录号 | 条形码 | 馆藏地/架位号 | 状态 | 备注 |
| 1 | 236565 | 202365653 | 自科库401/401自科库 47排4列2层/ [索取号:O21-44/Z334] | 在馆 | |
| 2 | 236566 | 202365662 | 自科二线504/504自科库 43排6列4层/ [索取号:O21-44/Z334] | 在馆 | |
| 3 | 236567 | 202365671 | 自科库401/401自科库 47排4列2层/ [索取号:O21-44/Z334] | 在馆 | |
| 4 | 652224 | 206522244 | 自科库401/401自科库 47排1列4层/ [索取号:O21-44/Z334] | 在馆 | |
| 5 | 652225 | 206522253 | 自科库401/401自科库 47排1列4层/ [索取号:O21-44/Z334] | 在馆 | |
| 6 | 652226 | 206522262 | 自科库401/401自科库 47排1列4层/ [索取号:O21-44/Z334] | 在馆 |